Allgemeine Naturgeschichte für alle Stände Siebenten Bandes zweyte Abtheilung Thierreich, vierter Bandes zweyte Abtheilung Säugthiere 1.

Bibliographic Details
Main Author: Oken, Lorenz, 1779-1851 (Author)
Corporate Author: Hoffmann'sche Verlags-Buchhandlung (Stuttgart, Nemecko) (Printer)
Format: Book
Language:German
PhysicalDescription:689-1432 VIII, s. 21 cm
Published: Stuttgart Hoffman'sche Verlags-Buchhandlung 1838
Subjects:

MARC

LEADER 00000nam a2200000 a 4500
001 vtls011543514
003 SK-MaSNL
005 20260310190831.0
008 251112s1838 gw 001 0 ger
015 |a SNBHFA1838 
020 |q (viaz.) 
035 |a 13FE8B3F-67B0-4E26-A801-4E52B3CAE4FA 
035 |a urn:nbn:sk:snk-amlt45 
035 |a urn:nbn:sk:snk-am00cayj 
040 |a SNKHF  |b slo  |c SNK  |e AACR2 
041 0 |a ger 
044 |a gw  |c DE 
072 7 |a 59  |x Zoológia  |2 konspekt 
080 |a 59  |2 2011 
080 |a 5  |2 2011 
080 |a (031)  |2 2011 
080 |a 599  |2 2011 
100 1 |a Oken, Lorenz,  |d 1779-1851  |4 aut  |9 167968 
245 1 0 |a Allgemeine Naturgeschichte für alle Stände  |n Siebenten Bandes zweyte Abtheilung  |p Thierreich, vierter Bandes zweyte Abtheilung Säugthiere 1.  |c Von Professor Oken 
246 3 8 |a Oken's Naturgeschichte  |n 1. Band  |p Thierreich Säugthiere 
260 |a Stuttgart  |b Hoffman'sche Verlags-Buchhandlung  |c 1838 
300 |a 689-1432  |a VIII, s.  |c 21 cm 
504 |a Register 
508 |a Predslov autora 
561 |a Okrúhla pečiatka: Museálna Slovenská spoločnosť.  |5 SNK IC 96580/7/2 
561 |a Na prvom liste rukopisný nápis: Millibald Kachelmann.  |5 SNK IC 96580/7/2 
561 |a Na predsádke rukopisný nápis: č. 86 VII. 2. 12. Šembery-Kmeť.  |5 SNK IC 96580/7/2 
650 0 7 |a prírodné vedy  |2 SNKPH  |9 694 
650 0 7 |a cicavce  |2 SNKPH  |9 1286 
650 0 7 |a zoológia  |2 SNKPH  |9 699 
655 7 |a encyklopédie  |2 SNKPH  |9 28776 
700 1 |a Kmeť, Andrej,  |d 1841-1908  |4 fmo  |9 191981 
710 2 |a Hoffmann'sche Verlags-Buchhandlung (Stuttgart, Nemecko)  |4 prt  |4 pbl  |9 266866 
752 |a Nemecko  |d Stuttgart 
852 |a snk  |b Historické fondy  |p IC 96580/7/2 
958 |a ONDV 
999 |c 1102136  |d 1104066 
952 |t Kme 2l  |a SNK  |b SNK  |c SNK_HF  |y PREZ  |7 0  |p 17A1128605  |o snkIC 96580/7/2  |i snkF 963/1985  |8 5  |0 0  |1 0  |4 0  |d 2016-04-05  |f 1  |l 0  |r 2026-02-24 17:34:27  |w 2026-02-24